000 00775cam a2200265 4500
001 ABS66683
008 030529n2003 000 0 eng u
035 _a(Sirsi) u122459
245 _aRegional survey: Yorkshire, north and north-east Lincolnshire
260 _c2003
490 _aProperty Week
_v68(17) 2 May 2003, 53-72(8)
590 _aABS
650 _aYORKSHIRE
650 _aLINCOLNSHIRE
650 _aDONCASTER
650 _aHULL
650 _aLEEDS
650 _aINDUSTRIAL MARKET
650 _aLEISURE MARKET
650 _aPROPERTY-COMMERCIAL PROPERTY-OFFICE PROPERTY-OFFICE PROPERTY MARKET
650 _aDISTRIBUTION WAREHOUSES
650 _aBUILDING DESIGNS
690 _aPROPERTY-COMMERCIAL PROPERTY-COMMERCIAL PROPERTY MARKET
942 _n0
999 _c72784
_d72784